00891nam a2200241 i 4500003000900000005001700009008004100026040004300067041000800110082001800118245015700136264004800293300002200341336002200363337002400385338003300409504005300442546002000495650002900515700002400544700002400568856005700592EG-GICUC20260228082432.0260228s1939 -uk |fr|||| 001 0 eng d aEG-GiCUCbengcEG-GiCUCdEG-GiCUCerda 1aeng04221a341.9bCA04aThe Cambridge History Of British Foreign Policy 1919.nVolume I, p1783-1815 /cEdited By Sir A. W. Ward, Litt.d., F.b.a. And G. P. Gooch, M.a., Litt.d. 3aCambridge :b The University Press,c1939. a628 pages,c24 cm 2rda contentatext 2rda mediaaComputer 2rda carrieraOnline Resource aIncludes bibliographical references and index.  aText in English14aPublic international law1 aWard, A. Weeditor.1 aGooch,G. Peeditor.40uhttps://fll.law.cu.edu.eg/fulltext/bks/B11-08234.pdf